Morphologic studies of fusulinids from the Lower Permian of West Pakistan /

Bibliographic Details
Main Author: Douglass, Raymond C. (Raymond Charles)
Corporate Authors: United States. Agency for International Development, Geological Survey of Pakistan
Format: Government Document Book
Language:English
Published: Washington : U.S. Govt. Print. Off, 1970.
Series:Geological Survey professional paper ; 643-G.
Geological Survey professional paper. Contributions to paleontology.
Subjects:

MARC

Tag First Indicator Second Indicator Subfields
LEADER 00000cam a2200000 4500
001 in00002784941
005 20150922151643.0
008 700812s1970 dcuab b 000 0 eng
010 |a  78607650  
035 |a (OCoLC)ocm00092816 
035 |a (OCoLC)92816 
040 |a DLC  |b eng  |c DLC  |d IAS  |d OCLCQ  |d BTCTA  |d OCLCG  |d UtOrBLW 
043 |a a-pk--- 
049 |a TXAM 
050 0 0 |a QE75  |b .P9 no. 643-G 
051 |a QE772  |b .D616  |c Copy 2. 
082 0 0 |a 550/.8 s 
086 0 |a I 19.16:643-G 
100 1 |a Douglass, Raymond C.  |q (Raymond Charles) 
245 1 0 |a Morphologic studies of fusulinids from the Lower Permian of West Pakistan /  |c by Raymond C. Douglass. 
264 1 |a Washington :  |b U.S. Govt. Print. Off,  |c 1970. 
300 |a iii, 11 pages, 16 unnumbered pages :  |b illustrations, map. ;  |c 29 cm. 
336 |a text  |b txt  |2 rdacontent 
337 |a unmediated  |b n  |2 rdamedia 
338 |a volume  |b nc  |2 rdacarrier 
490 1 |a Geological Survey professional paper ;  |v 643-G.  |a Contributions to paleontology 
500 |a Prepared in cooperation with the Geological Survey of Pakistan and U.S. Agency for International Development. 
504 |a Bibliography: pages 10-11 (2d group). 
650 0 |a Fusulinidae. 
650 0 |a Paleontology  |y Permian. 
650 0 |a Paleontology  |z Pakistan  |z West Pakistan. 
710 1 |a United States.  |b Agency for International Development. 
710 2 |a Geological Survey of Pakistan. 
830 0 |a Geological Survey professional paper ;  |v 643-G. 
830 0 |a Geological Survey professional paper.  |p Contributions to paleontology. 
948 |a cataloged  |b h  |c 2012/11/28  |d c  |e mvaldespin  |f 02:35:09 pm 
994 |a C0  |b TXA 
999 |a MARS 
999 f f |s 93d73b86-a063-351b-8163-52219652b32d  |i 5f7effac-e972-3eab-b2bd-876596d3a1a8  |t 0 
952 f f |p normal  |a Texas A&M University  |b College Station  |c Sterling C. Evans Library  |d Evans: US Documents (Annex 5th floor)  |t 0  |e I 19.16:642-643A-H  |h Superintendent of Documents classification  |i unmediated -- volume  |m A14839369080 
952 f f |a Texas A&M University  |b College Station  |c Sterling C. Evans Library  |d Evans: US Documents (Annex 5th floor)  |t 0  |e I 19.16:642-643A-H  |h Superintendent of Documents classification 
998 f f |a I 19.16:642-643A-H  |t 0  |l Evans: US Documents (Annex 5th floor)